Indiayile rubber vikasanathil estate mekhalayude panku (Record no. 61128)

MARC details
000 -LEADER
fixed length control field 00287nam a2200109Ia 4500
100 ## - MAIN ENTRY--AUTHOR NAME
Personal name Jacob Thomas K
245 #0 - TITLE STATEMENT
Title Indiayile rubber vikasanathil estate mekhalayude panku
260 ## - PUBLICATION, DISTRIBUTION, ETC. (IMPRINT)
Name of publisher Rubber Mitram
Year of publication 2008
300 ## - PHYSICAL DESCRIPTION
Number of Pages 54-55
942 ## - ADDED ENTRY ELEMENTS (KOHA)
Koha item type Journals
Holdings
Withdrawn status Lost status Damaged status Not for loan Home library Current library Shelving location Date acquired Serial Enumeration / chronology Koha item type
      Journals RRII Library RRII Library Rubber general 15/07/2008 Volume 10, Issue July Journals